Auditoría aplicada /

Guardado en:
Autor Principal: Fowler Newton, Enrique.
Formato: Libro
Idioma:Spanish
Publicado: Buenos Aires : Ediciones Macchi, 1995.
Materias:
Etiquetas: Agregar Etiqueta
Sin Etiquetas, Sea el primero en etiquetar este registro!
LEADER 01166nam a22002775a 4500
001 EAD.ead001233
008 080206s1995####ag#######b####001#0#spa#d
005 20230831085523.0
245 1 0 |a Auditoría aplicada /  |c Enrique Fowler Newton. 
260 |a Buenos Aires :  |b Ediciones Macchi,  |c 1995. 
300 |a 2 v. ;  |c 23 cm. 
500 |a "Tratado de auditoría, segunda parte"--Portada. 
504 |a Incluye referencias bibliográficas e índices. 
505 0 |a t. 1. Cuestiones fundamentales de auditoría -- t. 2. Auditoría aplicada. 
020 |a 9505371845 (O. C.) 
020 |a 9505373244 (T. I) 
020 |a 9505373252 (T. II) 
100 1 |a Fowler Newton, Enrique. 
082 0 4 |a 657.45  |2 21 
650 7 |a Auditoría.  |2 unbist 
650 7 |a Auditores.  |2 unbist 
650 7 |a Informes de auditoría.  |2 unbist 
859 |a AR-BaBDC  |b BIB. ADMINISTRACION GABCOOP - Libros  |h 657.45  |i F829  |p g03592  |v 1  |3 Tomo 1 
859 |a AR-BaBDC  |b BIB. ADMINISTRACION - Libros  |h 657.45  |i F829  |p b03925  |t Ej.2  |v 1  |3 Tomo 1 
859 |a AR-BaBDC  |b BIB. ADMINISTRACION - Libros  |h 657.45  |i F829  |p b03593  |v 2  |3 Tomo 2 
859 |a AR-BaBDC  |b BIB. ADMINISTRACION - Libros  |h 657.45  |i F829  |p b03928  |t Ej.2  |v 2  |3 Tomo 2